Regulación de nacimientos (Record no. 70543)

MARC details
000 -LEADER
campo de control de longitud fija 00750nam a2200217 i 4500
001 - NÚMERO DE CONTROL
campo de control 70543
003 - IDENTIFICADOR DE NÚMERO DE CONTROL
campo de control ES-MaACL
005 - FECHA Y HORA DE LA ÚLTIMA TRANSACCIÓN
campo de control 20230906170841.0
007 - CAMPO FIJO DE DESCRIPCIÓN FÍSICA--INFORMACIÓN GENERAL
campo de control de longitud fija t|
008 - DATOS DE LONGITUD FIJA--INFORMACIÓN GENERAL
campo de control de longitud fija 040727s1965 sp ||||1| spa d
100 1# - ENTRADA PRINCIPAL--NOMBRE DE PERSONA
Nombre de persona Häring, Bernhard.
9 (RLIN) 61847
245 10 - MENCIÓN DEL TÍTULO
Título Regulación de nacimientos
Resto del título : un problema familiar visto por un médico y un teólogo /
Mención de responsabilidad, etc. Juan García Vicente, Bernard Haring.
260 ## - PUBLICACIÓN, DISTRIBUCIÓN, ETC.
Lugar de publicación, distribución, etc. Madrid :
Nombre del editor, distribuidor, etc. Perpetuo Socorro,
Fecha de publicación, distribución, etc. 1965.
300 ## - DESCRIPCIÓN FÍSICA
Extensión 53 p. ;
Dimensiones 17 cm.
490 1# - MENCIÓN DE SERIE
Mención de serie Colección "Dos en Uno" ;
Designación de volumen o secuencia 22
650 04 - PUNTO DE ACCESO ADICIONAL DE MATERIA--TÉRMINO DE MATERIA
Término de materia o nombre geográfico como elemento de entrada Control de natalidad-
Subdivisión general Aspectos religiosos.
9 (RLIN) 11339
700 1# - ENTRADA AGREGADA--NOMBRE PERSONAL
Nombre de persona Häring, Bernhard.
9 (RLIN) 61847
830 0# - PUNTO DE ACCESO ADICIONAL DE SERIE-TÍTULO UNIFORME
Título uniforme Colección "Dos en Uno" ;
Designación de volumen o secuencia 22
9 (RLIN) 183587
852 ## - LOCALIZACIÓN
Ubicación ES-MaACL
Número de control de estantería 2041-F-10
Sublocalización o colección R.56737
Holdings
Estatus retirado Estado de pérdida Estado de daño No para préstamo Colección Biblioteca de origen Biblioteca actual Ubicación en estantería Fecha de adquisición Fuente de adquisición Total de préstamos Signatura topográfica completa Código de barras Visto por última vez Precio de reemplazo Tipo de ítem Koha
        Colección de folletos Biblioteca del Ateneo de Madrid Biblioteca del Ateneo de Madrid Depósito folletos 17/01/2008     2041-F-10 1073867 23/02/2023 23/02/2023 Folleto